000 00367nam a22001577a 4500
003 NUST
020 _a856491315
038 _aKhadija
082 _a958
_bRAS
100 _aRashid Ahmed
_990631
245 _aThe Resurgence Of Central Asia /
_cAhmed Rashid
260 _akarachi
_boxford university press
_c1994
300 _aP278
563 _aHB
942 _2ddc
_cBK
999 _c588829
_d588829